| 000 | 01472nam a2200361Ia 4500 | ||
|---|---|---|---|
| 001 | ebr10409313 | ||
| 003 | CaPaEBR | ||
| 006 | m u | ||
| 007 | cr cn||||||||| | ||
| 008 | 100615s2010 enk sb 001 0 eng d | ||
| 020 | _z1848132689 (hbk.) | ||
| 020 | _z1848132697 (pbk.) | ||
| 020 | _z1848132700 (ebk.) | ||
| 020 | _z9781848132689 (hbk.) | ||
| 020 | _z9781848132696 (pbk.) | ||
| 020 | _z9781848132702 (ebk.) | ||
| 040 |
_aCaPaEBR _cCaPaEBR |
||
| 035 | _a(OCoLC)662453015 | ||
| 050 | 1 | 4 |
_aJZ5625 _b.S73 2010eb |
| 100 | 1 | _aStavrianakis, Anna. | |
| 245 | 1 | 0 |
_aTaking aim at the arms trade _h[electronic resource] : _bNGOs, global civil society and the world military order / _cAnna Stavrianakis. |
| 260 |
_aLondon ; _aNew York : _bZed Books ; _aNew York : _bDistributed in the USA exclusively by Palgrave Macmillan, _cc2010. |
||
| 300 | _ax, 214 p. | ||
| 504 | _aIncludes bibliographical references (p. 183-207) and index. | ||
| 533 |
_aElectronic reproduction. _bPalo Alto, Calif. : _cebrary, _d2010. _nAvailable via World Wide Web. _nAccess may be limited to ebrary affiliated libraries. |
||
| 650 | 0 | _aArms control. | |
| 650 | 0 | _aArms transfers. | |
| 650 | 0 | _aDefense industries. | |
| 650 | 0 |
_aNon-governmental organizations _xInfluence. |
|
| 655 | 7 |
_aElectronic books. _2local |
|
| 710 | 2 | _aebrary, Inc. | |
| 856 | 4 | 0 |
_uhttp://site.ebrary.com/lib/rucke/Doc?id=10409313 _zAn electronic book accessible through the World Wide Web; click to view |
| 999 |
_c183599 _d183599 |
||